000 00729nam a2200229Ka 4500
999 _c4001
_d4001
003 OSt
005 20250110161926.0
008 050415t20052004nyua j 000 1 eng
020 _a9780689871665
040 _aJSZ
_cJSZ
_dCWJ
_dCaOL
082 _aFIC WIL
100 1 _aWillans, Tom.
245 1 0 _aWait! I want to tell you a story /
_cwritten and illustrated by Tom Willans.
250 _a1st U.S. ed.
260 _aNew York :
_bSimon & Schuster Books for Young Readers,
_c2005, c2004.
300 _a[26] p. :
_bchiefly col. ill.
500 _aFirst published in Great Britain in 2004 by Boxer Books Ltd.
650 0 _aMuskrat
_vFiction.
650 0 _aTiger
_vFiction.
650 0 _aStorytelling
_vFiction.
942 _2ddc
_cFIC